Diccionario terminológico de ciencias médicas. (Record no. 14902)

MARC details
000 -LEADER
campo de control de longitud fija 00531nam a2200193 i 4500
001 - NÚMERO DE CONTROL
campo de control 14902
003 - IDENTIFICADOR DE NÚMERO DE CONTROL
campo de control ES-MaACL
005 - FECHA Y HORA DE LA ÚLTIMA TRANSACCIÓN
campo de control 20230906150929.0
007 - CAMPO FIJO DE DESCRIPCIÓN FÍSICA--INFORMACIÓN GENERAL
campo de control de longitud fija t|
008 - DATOS DE LONGITUD FIJA--INFORMACIÓN GENERAL
campo de control de longitud fija 991117r19981992sp ||||1| spa d
020 ## - NÚMERO INTERNACIONAL ESTÁNDAR DEL LIBRO
Número Internacional Estándar del Libro 84-458-0095-7
080 ## - NÚMERO DE LA CLASIFICACIÓN DECIMAL UNIVERSAL
Número de la Clasificación Decimal Universal 61(038)
245 00 - MENCIÓN DEL TÍTULO
Título Diccionario terminológico de ciencias médicas.
250 ## - MENCION DE EDICION
Mención de edición 13ª ed.
260 ## - PUBLICACIÓN, DISTRIBUCIÓN, ETC.
Lugar de publicación, distribución, etc. Barcelona :
Nombre del editor, distribuidor, etc. Masson,
Fecha de publicación, distribución, etc. 1992 (
Fecha de fabricación/manufactura imp. 1998)
300 ## - DESCRIPCIÓN FÍSICA
Extensión 1 v. (pag. var.) ;
Dimensiones 25 cm.
650 14 - PUNTO DE ACCESO ADICIONAL DE MATERIA--TÉRMINO DE MATERIA
Término de materia o nombre geográfico como elemento de entrada Medicina-
Subdivisión de forma Diccionarios.
9 (RLIN) 14897
852 ## - LOCALIZACIÓN
Ubicación ES-MaACL
Número de control de estantería L-22128
Sublocalización o colección R.127416
Holdings
Estatus retirado Estado de pérdida Estado de daño No para préstamo Colección Biblioteca de origen Biblioteca actual Ubicación en estantería Fecha de adquisición Fuente de adquisición Total de préstamos Signatura topográfica completa Código de barras Visto por última vez Precio de reemplazo Tipo de ítem Koha
        Colección de referencia Biblioteca del Ateneo de Madrid Biblioteca del Ateneo de Madrid Depósito 2 17/01/2008     L-22128 1015153 23/02/2023 23/02/2023 Libro impreso